000 00483ntaaa2200205 4500
003 01
005 20251027202638.0
008 0714s1973 ag 01
040 _aAR-BaBN
_bspa
_cAR-BaBN
_eaacr
_dRIC
082 _a372.4000 L48
100 _aLeavell, Ullin W
245 _aOpen Doors
250 _a1 ed.
260 _aNew York :
_bAmerican Book Company,
_cc1957
300 _a223 p
650 _aMcGuffey readers
650 _ainglés
700 _aFriebele, M.L.
942 _cBK
999 _c21635
_d21635